Estatísticas para República Centro-Africana

Clique aqui para jogar o quiz

Estatísticas Gerais

  • Esse quiz foi jogado 9 vezes
  • A pontuação média é 4 de 8

Estatísticas das Respostas

HintResposta% Correto
Qual é a sua religião?Cristianismo
80%
De que país é independente?França
80%
Qual é o seu idioma?Francês
80%
Qual é o seu tipo de clima?Tropical
80%
Qual é a sua capital?Bangui
40%
Qual é o seu código ISO?CAF
40%
Qual é a sua moeda?Franco CFA
20%
Onde fica?África central
0%

Distribuição das Pontuações

Percentil de Números Respondidos

Porcentagem de Pessoas com Cada Pontuação

Sua Pontuação Histórica

Você não jogou esse quiz